U.S.-Japanese competition in international markets : A study of the trade-investment cycle in modern capitalism

שמור ב:
מידע ביבליוגרפי
מחבר ראשי: Roemer, John E.
פורמט: ספר
שפה:Undetermined
יצא לאור: Berkeley Institute of International Studies 1975
נושאים:
תגים: הוספת תג
אין תגיות, היה/י הראשונ/ה לתייג את הרשומה!
Thư viện lưu trữ: Trung tâm Học liệu Trường Đại học Cần Thơ
LEADER 00614nam a2200193Ia 4500
001 CTU_97719
008 210402s9999 xx 000 0 und d
082 |a 382.09 
082 |b R715 
100 |a Roemer, John E. 
245 0 |a U.S.-Japanese competition in international markets : 
245 2 |b A study of the trade-investment cycle in modern capitalism 
245 0 |c John E. Roemer 
260 |a Berkeley 
260 |b Institute of International Studies 
260 |c 1975 
650 |a Investments, japanese,Investments, american 
904 |i Giang 
980 |a Trung tâm Học liệu Trường Đại học Cần Thơ